Statistics for Country Flags with Inverted Colors #1

Click here to take the quiz!

General Stats

  • This quiz has been taken 1,576 times
  • The average score is 16 of 20

Answer Stats

Country% Correct
United Kingdom
99%
Brazil
95%
South Korea
95%
Israel
94%
Croatia
92%
Georgia
88%
Kosovo
86%
Jamaica
85%
Macedonia
85%
Portugal
85%
Barbados
84%
India
82%
Panama
82%
Tunisia
81%
Ukraine
76%
Zambia
71%
Malawi
70%
Lesotho
69%
Burundi
66%
Germany
60%

Score Distribution

Percentile by Number Answered

Percent of People with Each Score

Your Score History

You have not taken this quiz